ARRUPE JESUIT UNIVERSITY

CORONAVIRUS -STOP THE SPREAD - CLEAN,DISINFECT,COVER

Love is stronger than death / (Record no. 118209)

MARC details
000 -LEADER
fixed length control field 00775cam a22002898i 4500
001 - CONTROL NUMBER
control field 4435317
003 - CONTROL NUMBER IDENTIFIER
control field ARRUPE
005 - DATE AND TIME OF LATEST TRANSACTION
control field 20131001165740.0
008 - FIXED-LENGTH DATA ELEMENTS--GENERAL INFORMATION
fixed length control field 781214s1979 cau b 000 0 eng
010 ## - LIBRARY OF CONGRESS CONTROL NUMBER
LC control number 78015839
020 ## - INTERNATIONAL STANDARD BOOK NUMBER
International Standard Book Number 0060647744
035 ## - SYSTEM CONTROL NUMBER
System control number (OCoLC)4570561
035 ## - SYSTEM CONTROL NUMBER
System control number (OCoLC)ocm04570561
035 ## - SYSTEM CONTROL NUMBER
System control number (NNC)4435317
040 ## - CATALOGING SOURCE
Original cataloging agency DLC
Transcribing agency DLC
Modifying agency NNUT
050 0# - LIBRARY OF CONGRESS CALL NUMBER
Classification number BT825
Item number .K68 1979
300 ## - PHYSICAL DESCRIPTION
Dimensions 21 cm.
100 1# - MAIN ENTRY--PERSONAL NAME
Personal name Kreeft, Peter.
9 (RLIN) 1953
245 10 - TITLE STATEMENT
Title Love is stronger than death /
Statement of responsibility, etc Peter J. Kreeft.
250 ## - EDITION STATEMENT
Edition statement 1st ed.
260 ## - PUBLICATION, DISTRIBUTION, ETC. (IMPRINT)
Place of publication, distribution, etc San Francisco :
Name of publisher, distributor, etc Harper & Row,
Date of publication, distribution, etc c1979.
263 ## - PROJECTED PUBLICATION DATE
Projected publication date 7904
300 ## - PHYSICAL DESCRIPTION
Extent xix, 121 p. ;
504 ## - BIBLIOGRAPHY, ETC. NOTE
Bibliography, etc Includes bibliographical references.
650 #0 - SUBJECT ADDED ENTRY--TOPICAL TERM
Topical term or geographic name as entry element Death
Form subdivision Meditations.
9 (RLIN) 1954
942 ## - ADDED ENTRY ELEMENTS (KOHA)
Source of classification or shelving scheme Library of Congress Classification
Koha item type Monograph ( Printed materials)
Holdings
Withdrawn status Lost status Source of classification or shelving scheme Damaged status Not for loan Home library Current library Shelving location Date acquired Total Checkouts Full call number Barcode Date last seen Price effective from Koha item type
    Library of Congress Classification     ARRUPE LIBRARY ARRUPE LIBRARY Main Collection 01/10/2013   BT825 .K68 1979 46409991 01/10/2013 01/10/2013 Monograph ( Printed materials)

 

Arrupe Library. PO Box MP320 Mt Pleasant, Harare, Zimbabwe
263 242 745411|librarian@aju.ac.zw